000 00708nam a2200253 a 4500
001 42521
003 BD-RjUL
005 20211209053544.0
008 160613s1949 nyu b 000 0 eng
020 _c: $ 150.00
035 _a(BD-RjUL)42639
040 _beng
_aBD-RjUL
_cBD-RjUL
041 _aeng
082 _223
_a330.82
_bREA 1949
245 0 0 _aReadings in economics /
_c K. William Kapp and Lore L. Kapp.
260 _aNew York :
_bBarnes & Noble,
_c1949.
300 _avi, 444 p. ;
_c21 cm.
490 1 _aCollege outline series ;
500 _a"
650 0 _aEconomics.
_9130786
700 1 _aKapp, K. William.
_eeditor.
_9130708
700 1 _aKapp, Lore L.
_eeditor.
_9130787
942 _2ddc
_cBK
999 _c42521
_d42521